Catálogo

Iconografía Guadalupana / (Registro nro. 19220)

Detalles MARC
000 -LEADER
fixed length control field 01131nam a2200301 a 4500
001 - CONTROL NUMBER
control field 19220
003 - CONTROL NUMBER IDENTIFIER
control field Mx-PuUPA
005 - DATE AND TIME OF LATEST TRANSACTION
control field 20251206112835.0
008 - FIXED-LENGTH DATA ELEMENTS--GENERAL INFORMATION
fixed length control field 140415s1989 mx a gr 000 0 spa d
020 ## - INTERNATIONAL STANDARD BOOK NUMBER
International Standard Book Number 968636000X
040 ## - CATALOGING SOURCE
Original cataloging agency Mx-PuUPA
Language of cataloging spa
Transcribing agency Mx-PuUPA
Modifying agency Mx-PuUPA
Description conventions rda
041 0# - LANGUAGE CODE
Language code of text/sound track or separate title spa
043 ## - GEOGRAPHIC AREA CODE
Geographic area code n-mx---
100 1# - MAIN ENTRY--PERSONAL NAME
Personal name González Moreno, Joaquín,
9 (RLIN) 432
Relator term autor
245 10 - TITLE STATEMENT
Title Iconografía Guadalupana /
Statement of responsibility, etc. Joaquín González Moreno
264 #1 - PRODUCTION, PUBLICATION, DISTRIBUTION, MANUFACTURE, AND COPYRIGHT NOTICE
Place of production, publication, distribution, manufacture México, D.F. :
Name of producer, publisher, distributor, manufacturer Editorial OMGSA,
Date of production, publication, distribution, manufacture, or copyright notice ©1989
300 ## - PHYSICAL DESCRIPTION
Extent 217 páginas :
Other physical details ilustraciones ;
Dimensions 28 cm
336 ## - CONTENT TYPE
Fuente rdacontent
Content type term texto
Content type code txt
336 ## - CONTENT TYPE
Fuente rdacontent
Content type term imagen fija
Content type code sti
337 ## - MEDIA TYPE
Source rdamedia
Media type term sin medio
Media type code n
338 ## - CARRIER TYPE
Source rdacarrier
Carrier type term volumen
Carrier type code nc
650 #7 - SUBJECT ADDED ENTRY--TOPICAL TERM
Source of heading or term armarc
Topical term or geographic name entry element armarc
General subdivision Santos cristianos en el arte
650 #7 - SUBJECT ADDED ENTRY--TOPICAL TERM
Source of heading or term armarc
Topical term or geographic name entry element Arte y simbolismo cristiano
Geographic subdivision México
775 0# - OTHER EDITION ENTRY
Relationship information Manifestación (Obra)
Main entry heading González Moreno, Joaquín, _e autor
Place, publisher, and date of publication 217 páginas : ilustraciones ; 27 cm
Title Iconografía Guadalupana en Andalucía
Record control number Mx-PuUPA (62526)
International Standard Book Number 968636000X
942 ## - ADDED ENTRY ELEMENTS (KOHA)
Source of classification or shelving scheme Dewey Decimal Classification
Koha item type Libro
Classification part 704.94855
Item part G65
Existencias
Withdrawn status Lost status Source of classification or shelving scheme Damaged status Not for loan Collection code Home library Current library Shelving location Date acquired Source of acquisition Total Checkouts Full call number Barcode Price effective from Koha item type
    Dewey Decimal Classification     General Centro de Estudios Guadalupanos Centro de Estudios Guadalupanos Sala general 12/05/2015 Compra   704.94855 G65 1989 93883 12/05/2015 Libro